Die Heidelberger Disputation (1518): eine historische und theologische Einführung

Saved in:
Bibliographic Details
Main Author: Ehmann, Johannes (Author)
Format: Article (Journal)
Language:German
Published: 2018
In: Jahrbuch für badische Kirchen- und Religionsgeschichte
Year: 2018, Volume: 12, Pages: 173-183
Subjects:
Online Access: Get full text
Author Notes:Johannes Ehmann

MARC

LEADER 00000caa a22000002c 4500
001 1649884591
003 DE-627
005 20240419230947.0
007 tu
008 190218s2018 xx ||||| 00| ||ger c
035 |a (DE-627)1649884591 
035 |a (DE-576)517727455 
035 |a (DE-599)BSZ517727455 
035 |a (OCoLC)1341202596 
040 |a DE-627  |b ger  |c DE-627  |e rda 
041 |a ger 
084 |a 12  |2 sdnb 
084 |a 1  |2 ssgn 
084 |a 712  |2 bwlb 
100 1 |a Ehmann, Johannes  |d 1958-  |e VerfasserIn  |0 (DE-588)1029963509  |0 (DE-627)734537069  |0 (DE-576)377784567  |4 aut 
245 1 4 |a Die Heidelberger Disputation (1518)  |b eine historische und theologische Einführung  |c Johannes Ehmann 
264 1 |c 2018 
300 |a 12 
336 |a Text  |b txt  |2 rdacontent 
337 |a ohne Hilfsmittel zu benutzen  |b n  |2 rdamedia 
338 |a Band  |b nc  |2 rdacarrier 
648 7 |a Geschichte 1500-1600  |2 gnd  |7 (dpeaa)DE-631 
648 4 |a Neuzeit 1500-1600  |0 (DE-631)35936  |7 (dpeaa)DE-631 
650 0 7 |0 (DE-588)4048946-2  |0 (DE-627)104364165  |0 (DE-576)209079851  |a Reformation  |2 gnd  |7 (dpeaa)DE-631 
650 0 7 |0 (DE-588)4200797-5  |0 (DE-627)105170895  |0 (DE-576)210138009  |a Heidelberger Disputation  |2 gnd  |7 (dpeaa)DE-631 
651 7 |0 (DE-588)25943-3  |0 (DE-627)100671160  |0 (DE-576)190295201  |a Kurpfalz  |2 gnd  |7 (dpeaa)DE-631 
651 7 |0 (DE-588)4023996-2  |0 (DE-627)106300814  |0 (DE-576)208952578  |a Heidelberg  |2 gnd  |7 (dpeaa)DE-631 
773 0 8 |i Enthalten in  |t Jahrbuch für badische Kirchen- und Religionsgeschichte  |d Stuttgart : Kohlhammer, 2007  |g 12(2018), Seite 173-183  |w (DE-627)556301226  |w (DE-600)2402985-3  |w (DE-576)276078543  |7 nnas  |a Die Heidelberger Disputation (1518) eine historische und theologische Einführung 
773 1 8 |g volume:12  |g year:2018  |g pages:173-183  |g extent:12  |a Die Heidelberger Disputation (1518) eine historische und theologische Einführung 
776 0 8 |i Erscheint auch als  |n Online-Ausgabe  |a Ehmann, Johannes, 1958 -   |t Die Heidelberger Disputation (1518)  |d 2018  |w (DE-627)1873065124 
889 |w (DE-627)1874028761 
935 |a mteo  |a BWLB 
951 |a AR 
992 |a 20210827 
993 |a Article 
994 |a 2018 
998 |g 1029963509  |a Ehmann, Johannes  |m 1029963509:Ehmann, Johannes  |d 10000  |e 10000PE1029963509  |k 0/10000/  |p 1  |x j  |y j 
999 |a KXP-PPN1649884591  |e 3971508383 
BIB |a Y 
SER |a journal 
JSO |a {"language":["ger"],"origin":[{"dateIssuedKey":"2018","dateIssuedDisp":"2018"}],"title":[{"title":"Die Heidelberger Disputation (1518)","title_sort":"Heidelberger Disputation (1518)","subtitle":"eine historische und theologische Einführung"}],"person":[{"role":"aut","family":"Ehmann","given":"Johannes","display":"Ehmann, Johannes"}],"name":{"displayForm":["Johannes Ehmann"]},"id":{"eki":["1649884591"]},"physDesc":[{"extent":"12 S."}],"type":{"bibl":"article-journal"},"recId":"1649884591","relHost":[{"physDesc":[{"noteFormat":"24 cm"}],"type":{"bibl":"periodical"},"recId":"556301226","pubHistory":["1.2007 -"],"title":[{"title_sort":"Jahrbuch für badische Kirchen- und Religionsgeschichte","title":"Jahrbuch für badische Kirchen- und Religionsgeschichte"}],"origin":[{"dateIssuedKey":"2007","publisherPlace":"Stuttgart","publisher":"Kohlhammer","dateIssuedDisp":"2007-"}],"id":{"zdb":["2402985-3"],"eki":["556301226"]},"titleAlt":[{"title":"JBKRG"}],"language":["ger"],"name":{"displayForm":["im Auftrag des Vorstands des Vereins für Kirchengeschichte in der Evangelischen Landeskirche in Baden hrsg."]},"disp":"Die Heidelberger Disputation (1518) eine historische und theologische EinführungJahrbuch für badische Kirchen- und Religionsgeschichte","part":{"volume":"12","pages":"173-183","year":"2018","extent":"12","text":"12(2018), Seite 173-183"}}]} 
SRT |a EHMANNJOHAHEIDELBERG2018